| 000 | 00854nam a2200217 a 4500 | ||
|---|---|---|---|
| 001 | 000041260 | ||
| 005 | 20201002034732.0 | ||
| 008 | 130927s1981 sp 000 0 spa d | ||
| 020 | _a8400049918 | ||
| 040 |
_aDO-SdBNP _bspa _cBNPHU |
||
| 100 | 1 |
_aAbbad, Iñigo _d1745-1813 _967864 |
|
| 245 | 1 | 0 |
_aDescripción de las costas de California / _cIñigo Abbad y Lasierra; edición y estudio por Sylvia L. Hilton. |
| 260 |
_aMadrid : _bCSIC, _c1981. |
||
| 300 |
_a230 p. ; _c25 cm. |
||
| 490 | 1 |
_aTierra nueva e cielo nuevo _v3 |
|
| 504 | _aIncluye referencias bibliográficas y notas al pie de las páginas | ||
| 700 | 1 |
_aHilton, Sylvia-Lyn, _eed. _967865 |
|
| 710 | 2 |
_aConsejo Superior de Investigaciones Científicas, (España)Consejo _967866 |
|
| 710 | 2 |
_aInstituto "Gonzalo Fernández de Oviedo". _959992 |
|
| 830 | 0 |
_aTierra nueva e cielo nuevo _v3 _915388 |
|
| 999 |
_c40750 _d40750 |
||